<?xml version="1.0" encoding="UTF-8"?>
<record
    xmlns:xsi="http://www.w3.org/2001/XMLSchema-instance"
    xsi:schemaLocation="http://www.loc.gov/MARC21/slim http://www.loc.gov/standards/marcxml/schema/MARC21slim.xsd"
    xmlns="http://www.loc.gov/MARC21/slim">

  <leader>00923nam a2200253 a 4500</leader>
  <controlfield tag="001">BRCA_2294</controlfield>
  <controlfield tag="005">20190320203739.0</controlfield>
  <controlfield tag="008">040318s2000    mx-a---###---#000-0#spa-d</controlfield>
  <datafield tag="020" ind1=" " ind2=" ">
    <subfield code="a">9685059314</subfield>
  </datafield>
  <datafield tag="040" ind1=" " ind2=" ">
    <subfield code="a">DLC</subfield>
    <subfield code="c">DLC</subfield>
  </datafield>
  <datafield tag="050" ind1=" " ind2="4">
    <subfield code="a">BX4220</subfield>
    <subfield code="b">.C37 2000</subfield>
  </datafield>
  <datafield tag="100" ind1="1" ind2=" ">
    <subfield code="a">Castell&#xF3; Yturbide, Teresa</subfield>
    <subfield code="9">2444</subfield>
  </datafield>
  <datafield tag="245" ind1="1" ind2="0">
    <subfield code="a">Delicias de anta&#xF1;o</subfield>
    <subfield code="b">historia y recetas de los conventos mexicanos</subfield>
    <subfield code="c">Teresa Castell&#xF3; Yturbide, Mar&#xED;a Josefa Mart&#xED;nez del R&#xED;o de Redo ; fotograf&#xED;a Michael Zab&#xE9;.</subfield>
  </datafield>
  <datafield tag="260" ind1=" " ind2=" ">
    <subfield code="a">M&#xE9;xico</subfield>
    <subfield code="b">Landucci : Am&#xE9;rico Arte</subfield>
    <subfield code="c">2000</subfield>
  </datafield>
  <datafield tag="300" ind1=" " ind2=" ">
    <subfield code="a">273 p.</subfield>
    <subfield code="b">il. a color</subfield>
    <subfield code="c">35 cm.</subfield>
  </datafield>
  <datafield tag="504" ind1=" " ind2=" ">
    <subfield code="a">Bibliograf&#xED;a : p. 270-273</subfield>
  </datafield>
  <datafield tag="650" ind1="1" ind2="4">
    <subfield code="a">Recetas</subfield>
    <subfield code="z">M&#xE9;xico</subfield>
    <subfield code="9">6870</subfield>
  </datafield>
  <datafield tag="650" ind1="1" ind2="4">
    <subfield code="a">Conventos</subfield>
    <subfield code="x">Historia</subfield>
    <subfield code="z">M&#xE9;xico</subfield>
    <subfield code="9">2513</subfield>
  </datafield>
  <datafield tag="650" ind1="1" ind2="4">
    <subfield code="a">Cocina mexicana</subfield>
    <subfield code="x">Historia</subfield>
    <subfield code="9">6871</subfield>
  </datafield>
  <datafield tag="650" ind1="1" ind2="4">
    <subfield code="a">Monjas</subfield>
    <subfield code="x">Alimento</subfield>
    <subfield code="z">M&#xE9;xico</subfield>
    <subfield code="9">6872</subfield>
  </datafield>
  <datafield tag="700" ind1="1" ind2=" ">
    <subfield code="a">Mart&#xED;nez del R&#xED;o de Redo, Mar&#xED;a Josefa</subfield>
    <subfield code="9">6873</subfield>
  </datafield>
  <datafield tag="700" ind1="1" ind2=" ">
    <subfield code="a">Zab&#xE9;, Michel</subfield>
    <subfield code="9">38</subfield>
  </datafield>
  <datafield tag="942" ind1=" " ind2=" ">
    <subfield code="2">lcc</subfield>
    <subfield code="c">B</subfield>
  </datafield>
  <datafield tag="999" ind1=" " ind2=" ">
    <subfield code="c">2039</subfield>
    <subfield code="d">2039</subfield>
  </datafield>
  <datafield tag="952" ind1=" " ind2=" ">
    <subfield code="0">0</subfield>
    <subfield code="1">0</subfield>
    <subfield code="4">0</subfield>
    <subfield code="7">0</subfield>
    <subfield code="a">BRCA</subfield>
    <subfield code="b">BRCA</subfield>
    <subfield code="d">2008-08-15</subfield>
    <subfield code="l">0</subfield>
    <subfield code="o">BX4220 .C37 2000</subfield>
    <subfield code="p">01262</subfield>
    <subfield code="r">2019-03-22 00:00:00</subfield>
    <subfield code="w">2019-03-22</subfield>
    <subfield code="y">B</subfield>
  </datafield>
</record>
